000 00358nam a2200145Ia 4500
008 191201s2005 xx 000 0 und d
082 _a621.382
_bCHA
100 _aCHAKRABARTI, P
245 0 _aAnalog Communication Systems
250 _a1st
260 _aN.Delhi
_bDhanpat Rai Pubns (P) Ltd
_c2005
300 _a526
650 _aB.Tech(ECE)
942 _2ddc
_cBK
999 _c864
_d864